Monty Python Quotes - Statistics

General Stats
  • This quiz has been taken 114 times
  • The average score is 5 of 10
Answer Stats
Hint Answer % Correct
"Always look on the ___ ____ of life." Bright side
92%
"He's not the messiah--he's a ____ ______ ___." Very Naughty Boy
84%
"You must cut this shrubbery with, _ ______." A herring
80%
"What... is your favorite color?" "____." Blue
77%
"This parrot has _____ __ __!" ceased to be
41%
"No, no, he's just ______." Resting
33%
"The knights who ____ ______ said ni." Until recently
27%
"I ____ in your general direction." Spit
22%
"It's not particularly _____, is it?" Silly
8%
"We interrupt this program to annoy you and make things ________ _____ ________." Generally more irritating
1%
No matching quizzes found
Score Distribution
Percent of People with Each Score
Percentile by Number Answered
Your Score History
You have not taken this quiz